Közönséges vagy Universzális Geógráphia a' Bécsi Kongreszszusban történt változások szerént Második Darab

Bibliographic Details
Other Authors: Trattner, Ján Tomáš (Printer)
Format: Book
Language:Hungarian
PhysicalDescription:458 strán, 10 nečíslovaných strán 21 cm
Subjects:

MARC

LEADER 00000nam a2200000 4500
001 vtls012230709
003 SK-MaSNL
005 20260302003310.0
008 230529s1817 hu 0 0n0 hun
015 |a SNBHFA 
040 |a SNKHF  |b slo  |c SNKHF  |e rda 
041 0 |a hun 
044 |a hu  |c HU 
072 7 |a 91  |x Geografia ako veda. Výskum. Cestovanie  |2 konspekt 
080 |a 91  |2 2011 
130 0 |a Közönséges  |9 339434 
245 1 0 |a Közönséges vagy Universzális Geógráphia a' Bécsi Kongreszszusban történt változások szerént  |n Második Darab 
264 3 |a Pesten  |b Trattner János Tamás betüivel és költségével  |c 1817 
300 |a 458 strán, 10 nečíslovaných strán  |c 21 cm 
336 |a text  |b txt  |2 rdacontent 
337 |a bez média  |b n  |2 rdamedia 
338 |a zväzok  |b nc  |2 rdacarrier 
501 |a Príväzok 1. k: CANNABICH, Johann Günther Friedrich. Közönséges vagy Universalis Geógráphia... [első darab]. Pesten: Trattner János Tamás betüivel és költségével, 1817.  |5 SNK SC 9459/1-2 
650 0 7 |a geografia  |2 SNKPH  |9 823 
700 1 |a Trattner, Ján Tomáš  |4 prt  |9 286428 
752 |a Maďarsko  |d Budapešť 
852 |a Slovenská národná knižnica  |b Historické fondy  |p SC 9459/1-2/prív.1 
958 |a DF 
958 |a ONDV 
999 |c 991373  |d 993303 
952 |a SNK  |b SNK  |y PREZ  |7 0  |p 17A1486341  |o snkSC 9459/2  |i snkK 2299/74  |8 3  |0 0  |1 0  |4 0  |d 2023-05-29  |l 0  |r 2026-02-24 11:49:21  |w 2026-02-24 
952 |a SNK  |b SNK  |c SNK_HF  |y PREZ  |7 0  |p 17A1486340  |o snkSC 9459/1-2/prív.1  |i snk2023/8548  |8 5  |0 0  |1 0  |4 0  |d 2023-05-29  |l 0  |r 2025-07-09 00:00:00  |w 2026-02-24